00370nam a2200133Ia 4500020001800000082001400018100002200032245007900054260004000133300001300173504001900186650001100205650002000216 a1-4039-3822-9 a142 AME-M aAmesbury, Richard 0aMorality and social criticism: the force of reasons in discursive practice aHampshirebPalgrave Macmillanc2005 axix, 214 aincludes index aEthics aCritical theory